000 00602nam a2200181Ia 4500
003 Ost
005 20260507075659.0
008 260507s9999||||xx |||||||||||||| ||und||
040 _cfsecg
041 _aara
100 _aالقاضي، حسين
_eمؤلف
245 0 _aمدخل معاصر في بناء نظرية المحاسبة /
_c حسين القاضي
260 _aعمان:
_bالدار العلمية الدولية و دار الثقافية,
_c2001
300 _a428 صفحة؛
653 _aمحاسبة
700 _aمأمون، حمدان
_eمؤلف ثانوي
942 _cكتاب
999 _c45789
_d45789